[Event "ICS rated blitz match"]
[Site "204.178.125.65"]
[Date "2000.09.19"]
[Round "?"]
[White "Hossa"]
[Black "Dorky"]
[Result "1-0"]
[WhiteElo "2563"]
[BlackElo "2466"]
[PlyCount "87"]
[EventDate "2000.??.??"]

1. e4 c5 2. Nf3 d6 3. d4 cxd4 4. Nxd4 Nf6 5. Nc3 a6 6. Bg5 e6 7. f4 Bd7 8. Qf3
Nc6 9. O-O-O Qc7 10. Nxc6 bxc6 11. Bc4 d5 12. Bxf6 dxc4 13. Be5 Qb7 14. Qh5 Rd8
15. Rd2 c5 16. Rhd1 a5 17. g4 h6 18. f5 exf5 19. exf5 Be7 20. Bxg7 Rh7 21. f6
Rb8 22. Rxd7 Qxb2+ 23. Kd2 Kxd7 24. Rb1 Qxb1 25. Nxb1 Rxg7 26. Qd5+ Kc7 27.
fxg7 Bg5+ 28. Ke2 Re8+ 29. Kf1 Kb8 30. Qxc5 Rd8 31. Qxa5 Kc8 32. Qf5+ Kb8 33.
Qxf7 Bf6 34. g8=Q Rxg8 35. Qxg8+ Kc7 36. Qf7+ Kb8 37. Qxf6 Kb7 38. Kf2 Kc7 39.
Ke3 c3 40. Nxc3 Kd7 41. Nd5 h5 42. Qe7+ Kc6 43. c4 hxg4 44. Qc7# {
Dorky checkmated} 1-0

[Event "ICS rated blitz match"]
[Site "204.178.125.65"]
[Date "2000.09.19"]
[Round "?"]
[White "PostModernist"]
[Black "Hossa"]
[Result "0-1"]
[WhiteElo "2685"]
[BlackElo "2575"]
[PlyCount "102"]
[EventDate "2000.??.??"]

1. e4 e5 2. Bc4 Nf6 3. d3 Nc6 4. Nf3 Bc5 5. c3 d6 6. O-O O-O 7. h3 Be6 8. Bb5
a6 9. Bxc6 bxc6 10. Re1 a5 11. d4 exd4 12. cxd4 Bb4 13. Bd2 d5 14. Bxb4 axb4
15. e5 Ne4 16. Nbd2 Bf5 17. Qb3 Rb8 18. Qe3 Nxd2 19. Nxd2 Qh4 20. Nf3 Qe7 21.
Rec1 Qe6 22. Ng5 Qd7 23. g4 Be6 24. Qd3 g6 25. Qe3 f6 26. exf6 Rxf6 27. Nf3 Qd6
28. Ne5 Bd7 29. Qh6 Rbf8 30. Rc2 c5 31. Rac1 c4 32. Re2 Bb5 33. f3 Rf4 34. Rd1
c3 35. Rc2 c5 36. bxc3 bxc3 37. Re1 cxd4 38. Qg5 Qa6 39. Qe7 Ba4 40. Rg2 d3 41.
Qc5 d4 42. Qd5+ Kh8 43. Nc4 Qb5 44. Qxb5 Bxb5 45. Nd6 Rxf3 46. Nxb5 d2 47. Rxd2
cxd2 48. Rd1 Rf1+ 49. Rxf1 Rxf1+ 50. Kxf1 d1=Q+ 51. Kf2 Qd2+ {
PostModernist resigns} 0-1

[Event "ICS rated blitz match"]
[Site "204.178.125.65"]
[Date "2000.09.19"]
[Round "?"]
[White "RebelTiger"]
[Black "Hossa"]
[Result "1-0"]
[WhiteElo "2786"]
[BlackElo "2596"]
[PlyCount "141"]
[EventDate "2000.??.??"]

1. d4 d5 2. Nf3 Nf6 3. c4 e6 4. Nc3 c6 5. e3 Bb4 6. a3 Ba5 7. b4 Bc7 8. b5 O-O
9. Qc2 Ba5 10. Bd2 cxb5 11. cxd5 b4 12. axb4 Bxb4 13. dxe6 fxe6 14. Bc4 Kh8 15.
O-O Nc6 16. Rfb1 a6 17. Ne4 Bxd2 18. Nxf6 Qxf6 19. Qxd2 Rb8 20. Rb6 Ra8 21.
Rab1 a5 22. R1b5 a4 23. Qc2 a3 24. Ng5 g6 25. Ne4 Qd8 26. Ba2 Ra7 27. d5 exd5
28. Rxd5 Qxb6 29. Qc3+ Nd4 30. Rxd4 Qb2 31. Rd8+ Qxc3 32. Rxf8+ Kg7 33. Rf7+
Kh6 34. Nxc3 Ra6 35. Rc7 Rc6 36. Rxc6 bxc6 37. Nb1 Kg5 38. Nxa3 Kf6 39. Nc4 Bg4
40. f3 Be6 41. Kf2 h5 42. e4 Ke7 43. Ke3 g5 44. Kd4 Kd8 45. Bb3 h4 46. Ba4 Bd7
47. Kc5 Kc7 48. Ne5 Be6 49. Bxc6 Bb3 50. h3 Bg8 51. Bd5 Bh7 52. Bf7 Kd8 53. Kd6
Kc8 54. Ke7 Kc7 55. Ng4 Kb6 56. Nf6 Bxe4 57. fxe4 g4 58. hxg4 Kb5 59. g5 Kc5
60. e5 Kd4 61. e6 Ke5 62. g6 Kf5 63. g7 Ke5 64. g8=Q Kd4 65. Kd6 h3 66. gxh3
Kc4 67. e7+ Kd4 68. e8=Q Kd3 69. Qg3+ Kc2 70. Qe2+ Kb1 71. Qge1# {
Hossa checkmated} 1-0

[Event "ICS rated bullet match"]
[Site "204.178.125.65"]
[Date "2000.09.19"]
[Round "?"]
[White "Hossa"]
[Black "JSBach"]
[Result "1-0"]
[WhiteElo "2433"]
[BlackElo "2086"]
[PlyCount "73"]
[EventDate "2000.??.??"]

1. e4 e5 2. Nf3 Nf6 3. Nxe5 d6 4. Nf3 Nxe4 5. d4 Bd7 6. Bd3 d5 7. O-O Bb4 8. c3
Be7 9. c4 Nf6 10. cxd5 Nxd5 11. Nc3 Nb6 12. a4 O-O 13. Qc2 h5 14. a5 Nc8 15.
Be3 Nd6 16. Ne5 Be6 17. Qe2 h4 18. Qh5 g6 19. Nxg6 f5 20. Nxf8 Bf7 21. Ng6 Bf6
22. Bxf5 Nxf5 23. Qxf5 h3 24. gxh3 Bxd4 25. Bxd4 Qxd4 26. Qc8+ Kh7 27. Qxb7
Bxg6 28. Qxa8 Na6 29. Rad1 Bd3 30. Kh1 Nb4 31. Rg1 Qc4 32. Qf8 Be4+ 33. Nxe4
Qxe4+ 34. f3 Qg4 35. Rd7+ Qxd7 36. Qg8+ Kh6 37. Qg6# {JSBach checkmated} 1-0

[Event "ICS rated standard match"]
[Site "204.178.125.65"]
[Date "2000.09.19"]
[Round "?"]
[White "Hossa"]
[Black "dwg6"]
[Result "1/2-1/2"]
[WhiteElo "2335"]
[BlackElo "2237"]
[PlyCount "113"]
[EventDate "2000.??.??"]

1. e4 g6 2. d4 Bg7 3. Nc3 d6 4. Nf3 c6 5. Be2 b5 6. a3 a6 7. O-O Nd7 8. Bf4 Qc7
9. Re1 e5 10. dxe5 dxe5 11. Bg5 h6 12. Be3 Ngf6 13. Nd2 O-O 14. Qc1 Kh7 15. Rd1
Bb7 16. Nb3 Rfd8 17. Bf3 Bf8 18. a4 b4 19. Ne2 c5 20. Nd2 c4 21. c3 b3 22. Ng3
a5 23. Be2 Ba6 24. h4 Bc5 25. Ndf1 Bxe3 26. Qxe3 Nb6 27. Rxd8 Rxd8 28. Nd2 Bb7
29. Nxc4 Nxc4 30. Bxc4 Qxc4 31. Qb6 Nxe4 32. Qxb7 Nxg3 33. fxg3 e4 34. Re1 Re8
35. Qa7 Re5 36. g4 Kg7 37. Qd4 Qxd4+ 38. cxd4 Re7 39. Re3 Rb7 40. Rxe4 Rb4 41.
Kf2 Rxa4 42. Re3 Rb4 43. Rd3 a4 44. Rd1 Kf6 45. Ke3 Rc4 46. Kd3 Rc2 47. Rd2 Rc1
48. Rf2+ Ke6 49. Re2+ Kd6 50. h5 g5 51. Rf2 Rd1+ 52. Kc4 Rc1+ 53. Kd3 Rd1+ 54.
Kc4 Rc1+ 55. Kd3 Ra1 56. Kc4 Rc1+ 57. Kd3 {Game drawn by repetition} 1/2-1/2

[Event "ICS rated blitz match"]
[Site "204.178.125.65"]
[Date "2000.09.19"]
[Round "?"]
[White "Hossa"]
[Black "RebelTiger"]
[Result "0-1"]
[WhiteElo "2588"]
[BlackElo "2796"]
[PlyCount "90"]
[EventDate "2000.??.??"]

1. e4 e5 2. Nf3 Nf6 3. Nxe5 d6 4. Nf3 Nxe4 5. d4 d5 6. Bd3 Bd6 7. O-O O-O 8. c4
c6 9. cxd5 cxd5 10. Nc3 Nxc3 11. bxc3 Bg4 12. Rb1 Nd7 13. h3 Bh5 14. Rb5 Nb6
15. c4 Bxf3 16. Qxf3 dxc4 17. Bc2 Qd7 18. a4 g6 19. Bd2 c3 20. Bxc3 Rfe8 21.
Rc1 Rac8 22. Bb3 Rc6 23. d5 Rcc8 24. Bc2 Be5 25. Bd2 Nc4 26. Bh6 Nd6 27. Rbb1
Rc3 28. Qd1 Rxh3 29. gxh3 Qxh3 30. f4 Bc3 31. Rb3 Re3 32. Kf2 Qg3+ 33. Kf1 Rf3+
34. Qxf3 Qxf3+ 35. Kg1 Qg3+ 36. Kf1 Qh3+ 37. Kf2 Bd4+ 38. Re3 Qxe3+ 39. Kg2
Qxc1 40. f5 Qg1+ 41. Kf3 Qf2+ 42. Kg4 Be5 43. fxg6 Qg3+ 44. Kh5 fxg6+ 45. Bxg6
hxg6# {Hossa checkmated} 0-1

[Event "ICS rated standard match"]
[Site "204.178.125.65"]
[Date "2000.09.19"]
[Round "?"]
[White "nitmo"]
[Black "Hossa"]
[Result "0-1"]
[WhiteElo "1999"]
[BlackElo "2331"]
[PlyCount "51"]
[EventDate "2000.??.??"]

1. e4 e5 2. Nf3 Nc6 3. Bc4 Bc5 4. c3 Nf6 5. d4 exd4 6. cxd4 Bb4+ 7. Bd2 Bxd2+
8. Nbxd2 d5 9. exd5 Nxd5 10. Qb3 Nce7 11. O-O O-O 12. Rfe1 c6 13. Rac1 Nb6 14.
Bxf7+ Rxf7 15. Ng5 Ned5 16. Nxf7 Kxf7 17. Nf3 Kg8 18. Re5 Bg4 19. Ng5 h6 20.
Ne4 Qf8 21. h3 Bd7 22. Nc5 Qf4 23. Rce1 Rf8 24. R1e2 Qxd4 25. Nxd7 Nxd7 26.
Qxb7 {nitmo resigns} 0-1

[Event "ICS rated standard match"]
[Site "204.178.125.65"]
[Date "2000.09.19"]
[Round "?"]
[White "Hossa"]
[Black "vab"]
[Result "1-0"]
[WhiteElo "2335"]
[BlackElo "2130"]
[PlyCount "53"]
[EventDate "2000.??.??"]

1. e4 e5 2. Nf3 Nc6 3. Nc3 Nf6 4. Nxe5 Nxe5 5. d4 Nc6 6. d5 Ne5 7. f4 Ng6 8. e5
Ng8 9. d6 cxd6 10. exd6 Qf6 11. Nb5 Bxd6 12. Qxd6 Qxd6 13. Nxd6+ Ke7 14. Nf5+
Kf6 15. Ng3 h5 16. Be2 Nh4 17. Nxh5+ Kg6 18. g3 Nf5 19. g4 Nd4 20. Bd3+ f5 21.
Be3 Nf3+ 22. Kf2 Nh4 23. Bd4 Nf6 24. Bxf6 gxf6 25. Kg3 Rxh5 26. gxh5+ Kxh5 27.
Be2+ {vab resigns} 1-0

[Event "ICS rated blitz match"]
[Site "204.178.125.65"]
[Date "2000.09.19"]
[Round "?"]
[White "Hossa"]
[Black "WhiteCastles"]
[Result "0-1"]
[WhiteElo "2581"]
[BlackElo "2842"]
[PlyCount "130"]
[EventDate "2000.??.??"]

1. e4 c5 2. Nf3 d6 3. d4 cxd4 4. Nxd4 Nf6 5. Nc3 a6 6. Bg5 e6 7. f4 Be7 8. Qf3
Qc7 9. O-O-O Nbd7 10. g4 b5 11. Bxf6 Nxf6 12. g5 Nd7 13. f5 Bxg5+ 14. Kb1 Ne5
15. Qh5 Qe7 16. Nxe6 Bxe6 17. fxe6 g6 18. exf7+ Kxf7 19. Qe2 Kg7 20. Nd5 Qd8
21. Bh3 Rf8 22. Rhf1 Ra7 23. Qg2 Raf7 24. Rxf7+ Rxf7 25. Be6 Rf8 26. Rf1 Nc4
27. Rxf8 Qxf8 28. b3 Nd2+ 29. Kb2 Bh6 30. c3 Kh8 31. Qg1 Bg7 32. Qe3 Nf3 33.
Qe2 Ng5 34. Bg4 Qe8 35. h4 Qxe4 36. hxg5 Qxd5 37. Qe8+ Qg8 38. Qxg8+ Kxg8 39.
a3 a5 40. b4 axb4 41. axb4 Be5 42. Bd7 Bf4 43. Bxb5 Bxg5 44. Bc4+ Kg7 45. Bd5
h5 46. Kc2 Bd8 47. Bf3 Kh6 48. b5 g5 49. Be2 g4 50. Kd3 Kg5 51. Ke3 Bb6+ 52.
Kd2 g3 53. Bf1 Kg4 54. c4 h4 55. c5 dxc5 56. Ke3 c4+ 57. Ke4 h3 58. Be2+ Kg5
59. Ke5 g2 60. Bxc4 g1=Q 61. Bg8 Qd4+ 62. Ke6 Bc5 63. Bh7 Qd6+ 64. Kf7 Qe7+ 65.
Kg8 Qf8# {Hossa checkmated} 0-1

[Event "ICS rated blitz match"]
[Site "204.178.125.65"]
[Date "2000.09.19"]
[Round "?"]
[White "brutus"]
[Black "Hossa"]
[Result "0-1"]
[WhiteElo "2240"]
[BlackElo "2575"]
[PlyCount "63"]
[EventDate "2000.??.??"]

1. e4 e5 2. Nf3 Nc6 3. Bb5 a6 4. Ba4 Nf6 5. Qe2 b5 6. Bb3 Bc5 7. c3 d6 8. d3 h6
9. Nbd2 O-O 10. Nf1 a5 11. a4 b4 12. Ne3 bxc3 13. bxc3 Rb8 14. Ba2 Be6 15. O-O
Rb7 16. Bc4 Bxe3 17. Bxe3 Bxc4 18. dxc4 Nxe4 19. Bxh6 Nxc3 20. Qd3 Rb3 21. Qc2
Qb8 22. Bc1 Qb4 23. Qf5 Ne2+ 24. Kh1 Qxc4 25. Qh5 Ng3+ 26. hxg3 Qxf1+ 27. Kh2
Rxf3 28. gxf3 Nd4 29. Bh6 Qxa1 30. Bxg7 Nxf3+ 31. Kg2 Qg1+ 32. Kxf3 {
brutus resigns} 0-1

[Event "ICS rated blitz match"]
[Site "204.178.125.65"]
[Date "2000.09.19"]
[Round "?"]
[White "salzi"]
[Black "Hossa"]
[Result "0-1"]
[WhiteElo "2099"]
[BlackElo "2579"]
[PlyCount "40"]
[EventDate "2000.??.??"]

1. d4 d5 2. c4 e6 3. Nc3 c5 4. e3 cxd4 5. exd4 Nf6 6. Nf3 Nc6 7. c5 Bd7 8. h3
Be7 9. Bd3 Nb4 10. Bb1 Qc7 11. a3 Nc6 12. O-O O-O 13. Re1 a6 14. Bd3 b6 15.
cxb6 Qxb6 16. Rb1 Rfc8 17. Be3 Na5 18. Nd2 Bd6 19. b4 Rxc3 20. bxa5 Qxa5 {
salzi resigns} 0-1

[Event "ICS rated blitz match"]
[Site "204.178.125.65"]
[Date "2000.09.19"]
[Round "?"]
[White "Hossa"]
[Black "salzi"]
[Result "1-0"]
[WhiteElo "2581"]
[BlackElo "2097"]
[PlyCount "46"]
[EventDate "2000.??.??"]

1. e4 c5 2. Nf3 d6 3. d4 cxd4 4. Nxd4 Nf6 5. Nc3 a6 6. Bg5 Nbd7 7. Be2 Qc7 8.
Nb3 e6 9. O-O Be7 10. Qd4 Nc5 11. Nxc5 Qxc5 12. Qxc5 dxc5 13. Rfd1 h6 14. Bf4
O-O 15. Rd3 Rd8 16. Rxd8+ Bxd8 17. Bd6 b6 18. e5 Ne8 19. Bf3 Ra7 20. Bb8 Rd7
21. Bc6 Rd2 22. Bxe8 Rxc2 23. Ne4 Bb7 {salzi resigns} 1-0

[Event "ICS rated blitz match"]
[Site "204.178.125.65"]
[Date "2000.09.19"]
[Round "?"]
[White "salzi"]
[Black "Hossa"]
[Result "0-1"]
[WhiteElo "2095"]
[BlackElo "2583"]
[PlyCount "60"]
[EventDate "2000.??.??"]

1. d4 d5 2. c4 c6 3. cxd5 cxd5 4. Nc3 Nf6 5. Nf3 Nc6 6. e3 e6 7. Bd3 a6 8. a3
Bd6 9. O-O O-O 10. Bd2 e5 11. dxe5 Nxe5 12. Nxe5 Bxe5 13. h3 Be6 14. Rc1 d4 15.
exd4 Qxd4 16. Be3 Qd7 17. Qe2 Bxh3 18. gxh3 Qxh3 19. f4 Bxc3 20. Rxc3 Qg3+ 21.
Kh1 Rfe8 22. Rf3 Qh4+ 23. Qh2 Qxh2+ 24. Kxh2 Ng4+ 25. Kg3 Nxe3 26. Bxh7+ Kxh7
27. Rfxe3 Kg6 28. Kf3 Rxe3+ 29. Rxe3 Rd8 30. Re7 Rd3+ {salzi resigns} 0-1

[Event "ICS rated blitz match"]
[Site "204.178.125.65"]
[Date "2000.09.19"]
[Round "?"]
[White "Hossa"]
[Black "salzi"]
[Result "1-0"]
[WhiteElo "2585"]
[BlackElo "2093"]
[PlyCount "81"]
[EventDate "2000.??.??"]

1. e4 c5 2. Nf3 d6 3. d4 cxd4 4. Nxd4 Nf6 5. Nc3 a6 6. Bg5 Nbd7 7. Be2 e6 8.
O-O Be7 9. a4 Qc7 10. Nb3 O-O 11. Qd2 b6 12. a5 b5 13. Qd4 Bb7 14. f4 h6 15.
Bh4 Nc5 16. Nxc5 Qxc5 17. Qxc5 dxc5 18. e5 Nd5 19. Bxe7 Nxe7 20. Bf3 Bxf3 21.
Rxf3 Rfd8 22. Ne4 c4 23. Kf2 h5 24. Nd6 Nc8 25. Rd1 Nxd6 26. exd6 Rd7 27. b3
Rad8 28. bxc4 bxc4 29. Rd4 Rxd6 30. Rxc4 Rd5 31. Ra3 R8d6 32. Rc8+ Kh7 33. c4
Rd2+ 34. Kf3 Rc2 35. h3 Rdd2 36. g3 f5 37. Rc6 Rf2+ 38. Ke3 Rcd2 39. Rd3 Rfe2+
40. Kd4 Ra2 41. Rxa6 {salzi resigns} 1-0

[Event "ICS rated blitz match"]
[Site "204.178.125.65"]
[Date "2000.09.19"]
[Round "?"]
[White "Hossa"]
[Black "Matzo"]
[Result "1-0"]
[WhiteElo "2577"]
[BlackElo "2233"]
[PlyCount "71"]
[EventDate "2000.??.??"]

1. e4 e6 2. d4 d5 3. Nc3 Bb4 4. e5 c5 5. a3 Bxc3+ 6. bxc3 Ne7 7. Qg4 Qc7 8.
Qxg7 Rg8 9. Qxh7 cxd4 10. Ne2 Nbc6 11. f4 Bd7 12. Qd3 dxc3 13. Qxc3 Nf5 14. Rb1
O-O-O 15. Rg1 Be8 16. g4 d4 17. Qd3 Nh4 18. Bd2 f6 19. exf6 Bg6 20. Qh3 Rh8 21.
g5 Bxc2 22. Rc1 Bf5 23. Qg3 Be4 24. Bh3 Nf3+ 25. Kd1 Nxg1 26. Bxe6+ Kb8 27.
Nxg1 Bd5 28. f5 Qxg3 29. hxg3 Rhe8 30. Bxd5 Rxd5 31. f7 Rf8 32. Bf4+ Kc8 33. g6
Rxf5 34. Nf3 Kd7 35. Ng5 Ke7 36. g7 {Matzo resigns} 1-0

[Event "ICS rated blitz match"]
[Site "204.178.125.65"]
[Date "2000.09.19"]
[Round "?"]
[White "brutus"]
[Black "Hossa"]
[Result "0-1"]
[WhiteElo "2258"]
[BlackElo "2581"]
[PlyCount "54"]
[EventDate "2000.??.??"]

1. e4 e5 2. Nf3 Nc6 3. Bb5 a6 4. Ba4 Nf6 5. Qe2 b5 6. Bb3 Bc5 7. c3 d6 8. d3 h6
9. Nbd2 O-O 10. Nf1 a5 11. Ne3 a4 12. Bc2 b4 13. O-O Be6 14. a3 b3 15. Bd1 Qe7
16. h3 Bb6 17. Nh2 Qd7 18. f4 exf4 19. Rxf4 d5 20. exd5 Nxd5 21. Rf1 Rfe8 22.
Kh1 Bxe3 23. Bxe3 Bxh3 24. gxh3 Nxe3 25. Rf3 Nc2 26. Qg2 Re1+ 27. Nf1 Nxa1 {
brutus resigns} 0-1

[Event "ICS rated blitz match"]
[Site "204.178.125.65"]
[Date "2000.09.19"]
[Round "?"]
[White "Hossa"]
[Black "brutus"]
[Result "1/2-1/2"]
[WhiteElo "2585"]
[BlackElo "2254"]
[PlyCount "52"]
[EventDate "2000.??.??"]

1. e4 e6 2. d4 d5 3. Nc3 Nf6 4. e5 Nfd7 5. f4 c5 6. Nf3 Nc6 7. Be3 cxd4 8. Nxd4
Bc5 9. Qd2 a6 10. O-O-O Bxd4 11. Bxd4 b5 12. Be3 Bb7 13. h4 Nb6 14. Bc5 Nc4 15.
Qf2 Qa5 16. Qg3 b4 17. Ne4 dxe4 18. Qxg7 Qxc5 19. Qxh8+ Ke7 20. Qf6+ Ke8 21.
Bxc4 Qxc4 22. Kb1 Nd4 23. Qh8+ Ke7 24. Qf6+ Ke8 25. Qh8+ Ke7 26. Qf6+ Ke8 {
Game drawn by repetition} 1/2-1/2

[Event "ICS rated blitz match"]
[Site "204.178.125.65"]
[Date "2000.09.19"]
[Round "?"]
[White "brutus"]
[Black "Hossa"]
[Result "0-1"]
[WhiteElo "2266"]
[BlackElo "2573"]
[PlyCount "81"]
[EventDate "2000.??.??"]

1. e4 e5 2. Nf3 Nc6 3. Bb5 a6 4. Ba4 Nf6 5. Qe2 b5 6. Bb3 Bc5 7. c3 d6 8. d3 h6
9. Be3 Bxe3 10. fxe3 g5 11. Nbd2 g4 12. Nh4 a5 13. O-O a4 14. Bc2 a3 15. b4 g3
16. hxg3 Ng4 17. Nf5 Rg8 18. Nf3 Rb8 19. N3h4 Bxf5 20. Nxf5 Qg5 21. Qf3 Qh5 22.
Nh4 Rg5 23. Bb3 Nd8 24. Rae1 Rb7 25. Qd1 Ra7 26. Rf5 Rxf5 27. exf5 Qg5 28. Qe2
Ra6 29. e4 Nf6 30. Qf3 Rc6 31. c4 Qd2 32. Re2 Qxb4 33. cxb5 Rc1+ 34. Kh2 h5 35.
Rc2 Rxc2 36. Bxc2 Ng4+ 37. Kg1 Qc5+ 38. Kf1 Nh2+ 39. Ke2 Qxc2+ 40. Ke1 Nxf3+
41. gxf3 {brutus resigns} 0-1

[Event "ICS rated blitz match"]
[Site "204.178.125.65"]
[Date "2000.09.19"]
[Round "?"]
[White "Hossa"]
[Black "brutus"]
[Result "1/2-1/2"]
[WhiteElo "2578"]
[BlackElo "2261"]
[PlyCount "53"]
[EventDate "2000.??.??"]

1. e4 e6 2. d4 d5 3. Nc3 Nf6 4. e5 Nfd7 5. f4 c5 6. Nf3 Nc6 7. Be3 cxd4 8. Nxd4
Bc5 9. Qd2 a6 10. O-O-O Bxd4 11. Bxd4 b5 12. Be3 Bb7 13. h4 Nb6 14. Bc5 Nc4 15.
Qf2 Qa5 16. Qg3 b4 17. Ne4 dxe4 18. Qxg7 Qxc5 19. Qxh8+ Ke7 20. Qf6+ Ke8 21.
Bxc4 Qxc4 22. Qh8+ Ke7 23. Qf6+ Ke8 24. Qh8+ Ke7 25. Qf6+ Ke8 26. Qh8+ Ke7 27.
Qf6+ {Game drawn by repetition} 1/2-1/2

[Event "ICS rated blitz match"]
[Site "204.178.125.65"]
[Date "2000.09.19"]
[Round "?"]
[White "brutus"]
[Black "Hossa"]
[Result "1/2-1/2"]
[WhiteElo "2273"]
[BlackElo "2566"]
[PlyCount "98"]
[EventDate "2000.??.??"]

1. e4 e5 2. Nf3 Nc6 3. Bb5 a6 4. Ba4 Nf6 5. Qe2 b5 6. Bb3 Bc5 7. c3 d6 8. d3 h6
9. Be3 Bxe3 10. fxe3 g5 11. Nbd2 g4 12. Nh4 a5 13. O-O a4 14. Bc2 a3 15. b4 g3
16. hxg3 Ng4 17. Nf5 Qg5 18. Nf3 Qg6 19. N3h4 Qg8 20. Bb3 Bxf5 21. Rxf5 Nd8 22.
Raf1 Rh7 23. Rh5 Rg7 24. Nf5 Rg5 25. Rxg5 Qxg5 26. Bd1 h5 27. Qd2 Ne6 28. Bxg4
hxg4 29. Kf2 Ng7 30. Nxg7+ Qxg7 31. Rh1 Kd7 32. Rh4 c6 33. Qd1 Rg8 34. Qh1 Qf6+
35. Ke2 Qe6 36. Qb1 Rf8 37. Qb3 Qxb3 38. axb3 a2 39. Rh1 Ra8 40. Ra1 Kc7 41.
Kd2 c5 42. bxc5 dxc5 43. Kc2 Kb6 44. Kb2 Rd8 45. Rd1 Ra8 46. Ka1 Ra3 47. Kb2
Ra8 48. Ra1 Rd8 49. Rd1 Ra8 {Game drawn by repetition} 1/2-1/2

[Event "ICS rated blitz match"]
[Site "204.178.125.65"]
[Date "2000.09.19"]
[Round "?"]
[White "Hossa"]
[Black "Champo"]
[Result "1-0"]
[WhiteElo "2555"]
[BlackElo "1930"]
[PlyCount "83"]
[EventDate "2000.??.??"]

1. e4 c5 2. Nf3 Nc6 3. d4 cxd4 4. Nxd4 e5 5. Nb5 d6 6. N1c3 a6 7. Na3 f5 8.
exf5 Bxf5 9. Bc4 Nf6 10. Bg5 b5 11. Bd5 Rc8 12. Bxc6+ Rxc6 13. Nd5 Be7 14. Nxe7
Qxe7 15. Qf3 Qd7 16. Bxf6 gxf6 17. c3 O-O 18. O-O d5 19. Rac1 Rd6 20. Nc2 Kh8
21. Qh5 Bg6 22. Qh4 Rg8 23. Rfd1 Qg7 24. g3 Be4 25. Ne3 Bf3 26. Nf5 Qd7 27.
Nxd6 Qxd6 28. Rd3 e4 29. Rd4 Rg4 30. Qh6 Rg6 31. Qh3 Bg4 32. Qf1 Qe5 33. Re1
Qh5 34. a4 Rh6 35. h4 Qg6 36. axb5 axb5 37. Qxb5 Qf7 38. Qxd5 Qxd5 39. Rxd5 Bf3
40. Rd7 Rh5 41. Ra1 e3 42. Raa7 {Champo resigns} 1-0

[Event "ICS rated blitz match"]
[Site "204.178.125.65"]
[Date "2000.09.19"]
[Round "?"]
[White "Champo"]
[Black "Hossa"]
[Result "0-1"]
[WhiteElo "1929"]
[BlackElo "2556"]
[PlyCount "52"]
[EventDate "2000.??.??"]

1. e4 e5 2. Nf3 Nc6 3. Nc3 Nf6 4. b3 Bc5 5. Be2 O-O 6. O-O d6 7. Na4 Nxe4 8. d3
Nxf2 9. Rxf2 Bxf2+ 10. Kxf2 Bg4 11. Bg5 f6 12. Bh4 b5 13. Nc3 b4 14. Nd5 Be6
15. c4 Bxd5 16. cxd5 Ne7 17. d4 e4 18. Nd2 Nf5 19. Bg3 e3+ 20. Kg1 Nxg3 21.
hxg3 exd2 22. Qxd2 Qe7 23. Bf3 Rae8 24. Qxb4 Qe3+ 25. Kh2 Rf7 26. Rc1 Qxc1 {
Champo resigns} 0-1

[Event "ICS rated blitz match"]
[Site "204.178.125.65"]
[Date "2000.09.19"]
[Round "?"]
[White "Hossa"]
[Black "Champo"]
[Result "1-0"]
[WhiteElo "2557"]
[BlackElo "1928"]
[PlyCount "41"]
[EventDate "2000.??.??"]

1. e4 c5 2. Nf3 Nc6 3. d4 cxd4 4. Nxd4 e5 5. Nb5 d6 6. N1c3 a6 7. Na3 f5 8.
exf5 Bxf5 9. Bc4 Nf6 10. Bg5 Be7 11. O-O b5 12. Bxf6 Bxf6 13. Bd5 Rc8 14. Ne4
Nd4 15. c3 Nc6 16. Qf3 Qd7 17. Qxf5 Qxf5 18. Nxd6+ Kd7 19. Nxf5 g6 20. Ne3 Ne7
21. Bb7 {Champo resigns} 1-0

[Event "ICS rated blitz match"]
[Site "204.178.125.65"]
[Date "2000.09.19"]
[Round "?"]
[White "Hossa"]
[Black "Champo"]
[Result "1-0"]
[WhiteElo "2559"]
[BlackElo "1926"]
[PlyCount "50"]
[EventDate "2000.??.??"]

1. e4 c5 2. Nf3 Nc6 3. d4 cxd4 4. Nxd4 e5 5. Nb5 d6 6. N1c3 a6 7. Na3 f5 8.
exf5 Bxf5 9. Bc4 b5 10. Bd5 Rc8 11. Ne4 Nb4 12. Bg5 Qd7 13. Nc3 Ne7 14. Bf3 g6
15. Ne4 Bxe4 16. Bxe4 Bg7 17. Qd2 a5 18. c3 Qg4 19. f3 Qe6 20. cxb4 d5 21. Bd3
O-O 22. bxa5 b4 23. Qxb4 Nc6 24. Qd2 e4 25. fxe4 dxe4 {Champo resigns} 1-0

[Event "ICS rated blitz match"]
[Site "204.178.125.65"]
[Date "2000.09.19"]
[Round "?"]
[White "Champo"]
[Black "Hossa"]
[Result "0-1"]
[WhiteElo "1925"]
[BlackElo "2560"]
[PlyCount "50"]
[EventDate "2000.??.??"]

1. e4 e5 2. Nf3 Nc6 3. c3 Nf6 4. Bb5 a6 5. Ba4 Nxe4 6. O-O b5 7. Bc2 Nf6 8.
Nxe5 Nxe5 9. Re1 d6 10. d4 Be6 11. dxe5 dxe5 12. Qf3 Bd6 13. Bg5 O-O 14. Nd2 h6
15. Bh4 Be7 16. Rad1 Bg4 17. Qe3 Bxd1 18. Rxd1 Ng4 19. Bxe7 Nxe3 20. Bxd8 Nxd1
21. Bxc7 Nxb2 22. Bxe5 Rfe8 23. f4 f6 24. Bd4 Re2 25. Be4 Rd8 {Champo resigns}
0-1

[Event "ICS rated blitz match"]
[Site "204.178.125.65"]
[Date "2000.09.19"]
[Round "?"]
[White "Hossa"]
[Black "Champo"]
[Result "1-0"]
[WhiteElo "2561"]
[BlackElo "1924"]
[PlyCount "59"]
[EventDate "2000.??.??"]

1. e4 c5 2. c3 Nc6 3. Nf3 g6 4. Bc4 Bg7 5. O-O d6 6. Qe2 Nf6 7. d3 Bg4 8. h3
Bxf3 9. Qxf3 O-O 10. Bb3 e5 11. Na3 a6 12. Bg5 b5 13. Bd5 Rc8 14. Nc2 h6 15.
Bxf6 Bxf6 16. Qg4 Kg7 17. f4 Ne7 18. Ne3 h5 19. Qg3 Nxd5 20. Nxd5 exf4 21. Qxf4
Be5 22. Qd2 Qh4 23. Rf3 f5 24. exf5 Rxf5 25. Rxf5 gxf5 26. Rf1 Rf8 27. Rf2 Qg3
28. Rf3 Qh4 29. a3 Re8 30. Rxf5 {Champo resigns} 1-0

[Event "ICS rated blitz match"]
[Site "204.178.125.65"]
[Date "2000.09.19"]
[Round "?"]
[White "Hossa"]
[Black "Champo"]
[Result "1-0"]
[WhiteElo "2563"]
[BlackElo "1922"]
[PlyCount "75"]
[EventDate "2000.??.??"]

1. e4 c5 2. Nf3 Nc6 3. Bb5 g6 4. O-O Bg7 5. Re1 d6 6. e5 d5 7. d4 c4 8. b3 cxb3
9. axb3 Nh6 10. Bf4 O-O 11. Qd2 Nf5 12. g4 Ncxd4 13. Nxd4 Nh4 14. Bg3 e6 15. f4
a6 16. Qf2 g5 17. fxg5 Ng6 18. Nf3 b6 19. h4 Bb7 20. Bd3 Ne7 21. h5 h6 22. gxh6
Bxh6 23. g5 Bg7 24. h6 Bh8 25. Ra4 Ng6 26. Rb4 b5 27. Rf1 Qe7 28. Rg4 Kh7 29.
Nc3 Rac8 30. Ne2 Rc7 31. Nh4 Rfc8 32. Qxf7+ Qxf7 33. Rxf7+ Rxf7 34. Bxg6+ Kg8
35. Bxf7+ Kxf7 36. g6+ Kg8 37. g7 Rxc2 38. h7+ {Champo resigns} 1-0

[Event "ICS rated blitz match"]
[Site "204.178.125.65"]
[Date "2000.09.19"]
[Round "?"]
[White "Hossa"]
[Black "Champo"]
[Result "1-0"]
[WhiteElo "2565"]
[BlackElo "1920"]
[PlyCount "51"]
[EventDate "2000.??.??"]

1. e4 c5 2. Nf3 Nc6 3. d4 cxd4 4. Nxd4 e5 5. Nb5 d6 6. N1c3 a6 7. Na3 f5 8.
exf5 Bxf5 9. Bc4 Nf6 10. Nd5 b5 11. Nxf6+ Qxf6 12. Bd5 Rc8 13. c3 Ne7 14. Bb7
Rc5 15. Bxa6 Bd7 16. Be3 Rd5 17. Qe2 Nf5 18. Bb6 Qg5 19. g3 Bc6 20. Nxb5 Rd1+
21. Qxd1 Bxh1 22. g4 Nh4 23. Nxd6+ Bxd6 24. Qxd6 Nf3+ 25. Ke2 Qe7 26. Qb8+ {
Champo resigns} 1-0

[Event "ICS rated blitz match"]
[Site "204.178.125.65"]
[Date "2000.09.19"]
[Round "?"]
[White "Champo"]
[Black "Hossa"]
[Result "0-1"]
[WhiteElo "1919"]
[BlackElo "2566"]
[PlyCount "78"]
[EventDate "2000.??.??"]

1. e4 e5 2. Nc3 Nf6 3. Nf3 Bb4 4. Bc4 O-O 5. O-O Nc6 6. a3 Bxc3 7. dxc3 d6 8.
Bg5 h6 9. Bxf6 Qxf6 10. Qd3 Bg4 11. Nd2 Qf4 12. Rae1 Rfe8 13. Re3 a6 14. h3 Bh5
15. Rg3 Rf8 16. Bd5 Rab8 17. Nc4 Ne7 18. Ne3 c6 19. Ba2 Rbd8 20. Qc4 b5 21. Qd3
a5 22. b4 axb4 23. cxb4 Kh8 24. c4 f5 25. c5 fxe4 26. Qc2 d5 27. a4 bxa4 28.
Qxa4 Be2 29. Qa7 Bxf1 30. Qxe7 Qxf2+ 31. Kh2 Qf6 32. Qc7 Be2 33. b5 Bxb5 34.
Ng4 Qf7 35. Qxe5 Qa7 36. Bb3 Rde8 37. Qd4 Re6 38. Ne5 Qc7 39. Ng4 h5 {
Champo resigns} 0-1